000 00632nam a2200253 a 4500
001 nice12345678
003 IN_TiNIC
005 20260116011356.0
008 050524s1960 pesa grp 000 0 urd
020 _a
_c8.5
082 0 0 _a891.4391
_bKHA5
100 _aKhan, Mir Abdus Samad
245 _aKhushhal Awr Iqbal
260 _aPeshawar
_bManzoor-E-Aam Kutub Khana
_c1960
300 _a376p
500 _aincludes index and biblioraphy
505 2 _abibliography
650 _aBiography-Urdu Poets
650 _aPoetry-Criticism
700 1 _aKhan, Mir Abdus Samad
902 _bSRS
942 _cBK
999 _c980
_d980